00487nam a2200193 a 4500001001300000003000900013005001700022008004100039020000800080082001600088100001900104245004800123260002900171300000900200500003500209505001000244650002000254700001900274nice12345678IN_TiNIC20260116011307.0050524s1959 boma grp 000 0 eng  ac000a922.97bKAB aKabir, Humayun aMaulana Abul Kalam Azadb a Memorial Volume aBombaybAsia Pressc1959 a241p aincludes index and biblioraphy2 aIndex aAbul Kalam Azad1 aKabir, Humayun